[Event "GER-chT10 KJ-32 Br02 email"]
[Site "GER email"]
[Date "2013.10.04"]
[Round "?"]
[White "Meissner, Ruediger"]
[Black "Nyffeler, Hanspeter"]
[Result "1/2-1/2"]
[WhiteElo "1994"]
[BlackElo "2031"]
[PlyCount "67"]
[EventDate "2013.10.15"]
[EventType "tourn (corr)"]
[EventRounds "4"]
[EventCountry "GER"]
[SourceTitle "Corr 2015"]
[Source "ChessBase"]
[SourceDate "2015.07.17"]
[SourceVersion "1"]
[SourceVersionDate "2015.07.17"]
[SourceQuality "1"]

1. e4 c5 2. Nf3 Nc6 3. Nc3 g6 4. d4 cxd4 5. Nxd4 Bg7 6. Be3 Nf6 7. Bc4 0-0 8. Bb3 d6 9. f3 a6 10. Qd2 Na5 11. h4 h5 12. 0-0-0 Re8 13. Kb1 b5 14. Nd5 Bb7 15. Nxf6+ Bxf6 16. g4 e5 17. Bg5 hxg4 18. Bxf6 Qxf6 19. Qxa5 exd4 20. h5 g5 21. fxg4 Rxe4 22. Rhf1 Rf4 23. Rxf4 Qxf4 24. Qb6 Bf3 25. Rxd4 Qe5 26. a4 d5 27. Ka2 Rb8 28. Qa7 Rd8 29. a5 Be4 30. c3 Qd6 31. Rd2 Re8 32. Qd4 Re5 33. Rd1 Kh7 34. Rf1 1/2-1/2

[Event "GER-chT10 KJ-32 Br02 email"]
[Site "GER email"]
[Date "2013.10.04"]
[Round "?"]
[White "Nyffeler, Hanspeter"]
[Black "Gross Winter, Guenter"]
[Result "1/2-1/2"]
[WhiteElo "2031"]
[BlackElo "2091"]
[PlyCount "54"]
[EventDate "2013.10.15"]
[EventType "tourn (corr)"]
[EventRounds "4"]
[EventCountry "GER"]
[SourceTitle "Corr 2015"]
[Source "ChessBase"]
[SourceDate "2015.07.17"]
[SourceVersion "1"]
[SourceVersionDate "2015.07.17"]
[SourceQuality "1"]

1. d4 Nf6 2. c4 e6 3. Nf3 d5 4. Nc3 Be7 5. e3 0-0 6. Bd3 dxc4 7. Bxc4 c5 8. 0-0 a6 9. dxc5 Qxd1 10. Rxd1 Bxc5 11. Bd3 b5 12. Ne4 Be7 13. Bd2 Bb7 14. Nxf6+ Bxf6 15. Nd4 Nd7 16. Rac1 Rac8 17. b3 g6 18. f3 Be7 19. Kf2 Ba3 20. Rxc8 Rxc8 21. Bb1 Kf8 22. Ne2 Ke7 23. h4 f5 24. Bc3 Bd6 25. h5 e5 26. hxg6 hxg6 27. Bb2 Ke6 1/2-1/2

[Event "GER Cup19 sf06 serv"]
[Site "GER email"]
[Date "2013.07.14"]
[Round "?"]
[White "Meissner, Ruediger"]
[Black "Nyffeler, Hanspeter"]
[Result "1-0"]
[WhiteElo "1995"]
[BlackElo "2031"]
[PlyCount "37"]
[EventDate "2013.07.20"]
[EventType "tourn (corr)"]
[EventRounds "6"]
[EventCountry "GER"]
[SourceTitle "Corr 2015"]
[Source "ChessBase"]
[SourceDate "2015.07.17"]
[SourceVersion "1"]
[SourceVersionDate "2015.07.17"]
[SourceQuality "1"]

1. e4 c5 2. Nf3 d6 3. d4 cxd4 4. Nxd4 Nf6 5. Nc3 a6 6. Be3 e6 7. g4 e5 8. Nf5 g6 9. g5 gxf5 10. exf5 d5 11. Qf3 d4 12. 0-0-0 Qd7 13. Bh3 Qc6 14. Qg3 Nbd7 15. Rhe1 Nh5 16. Qh4 dxc3 17. Qxh5 cxb2+ 18. Kb1 Be7 19. f4 1-0

[Event "GER Cup19 sf20 serv"]
[Site "GER email"]
[Date "2013.07.14"]
[Round "?"]
[White "Nyffeler, Hanspeter"]
[Black "Kaiser, Elmar"]
[Result "0-1"]
[WhiteElo "2011"]
[BlackElo "1901"]
[PlyCount "102"]
[EventDate "2013.07.20"]
[EventType "tourn (corr)"]
[EventRounds "6"]
[EventCountry "GER"]
[SourceTitle "Corr 2020"]
[Source "ChessBase"]
[SourceDate "2019.09.30"]
[SourceVersion "1"]
[SourceVersionDate "2019.09.30"]
[SourceQuality "1"]

1. d4 Nf6 2. c4 g6 3. Nc3 d5 4. cxd5 Nxd5 5. e4 Nxc3 6. bxc3 Bg7 7. Bc4 c5 8. Ne2 Nc6 9. Be3 0-0 10. 0-0 Bg4 11. f3 Bd7 12. Rb1 Qc7 13. Qd2 Rad8 14. Rfc1 Bc8 15. Bf2 Na5 16. Bd3 e5 17. Rd1 Be6 18. d5 c4 19. Bc2 b6 20. Ng3 Bc8 21. Nf1 Nb7 22. a4 f6 23. Rb4 Rf7 24. Ne3 Nd6 25. Ng4 Kh8 26. Qe2 Re8 27. Ne3 Ba6 28. Nf1 Bf8 29. Rbb1 Nb7 30. Ne3 Nc5 31. Kh1 Nd3 32. Bg1 f5 33. a5 bxa5 34. Ba4 Rc8 35. exf5 gxf5 36. Bc2 Bd6 37. Ra1 Rg8 38. Rd2 Rg5 39. h3 h5 40. Rb1 Kg8 41. Bh2 Rf8 42. Rf1 f4 43. Nd1 Qg7 44. h4 Rg3 45. Qe4 Nc5 46. Qe1 Kh8 47. Nb2 Rg8 48. Bxg3 fxg3 49. Qe3 Qf6 50. Rfd1 Bb5 51. Kg1 a4 0-1

[Event "GER Cup19 sf06 serv"]
[Site "GER email"]
[Date "2013.07.14"]
[Round "?"]
[White "Nyffeler, Hanspeter"]
[Black "Schmidt, Joerg"]
[Result "1/2-1/2"]
[WhiteElo "2031"]
[BlackElo "2061"]
[PlyCount "78"]
[EventDate "2013.07.20"]
[EventType "tourn (corr)"]
[EventRounds "6"]
[EventCountry "GER"]
[SourceTitle "Corr 2015"]
[Source "ChessBase"]
[SourceDate "2015.07.17"]
[SourceVersion "1"]
[SourceVersionDate "2015.07.17"]
[SourceQuality "1"]

1. d4 d5 2. Nf3 Nf6 3. Bf4 c5 4. e3 Nc6 5. dxc5 e6 6. c4 Bxc5 7. Nc3 0-0 8. Be2 Qb6 9. a3 dxc4 10. Bxc4 Rd8 11. Qc2 Bd6 12. Bxd6 Rxd6 13. 0-0 Bd7 14. Bd3 Be8 15. Rfd1 Rad8 16. h3 h6 17. Rac1 a6 18. Na4 Qa7 19. b4 Ne7 20. Nc5 b6 21. Nxa6 Rxd3 22. Rxd3 Rc8 23. Nc7 Ba4 24. Qc3 Ne8 25. Qe5 Nd5 26. e4 Rxc7 27. Rxc7 Ndxc7 28. Rd8 f6 29. Qc3 Kf7 30. Nd4 Qb7 31. Qd3 Ke7 32. f4 Bd7 33. Rxd7+ Kxd7 34. Nf5+ Kc8 35. Ne7+ Kb8 36. Qd8+ Ka7 37. b5 Qa8 38. Nc6+ Kb7 39. Qd7 Qxa3 1/2-1/2

[Event "GER Cup19 sf20 serv"]
[Site "GER email"]
[Date "2013.07.14"]
[Round "?"]
[White "Sabel, Reinhard"]
[Black "Nyffeler, Hanspeter"]
[Result "1-0"]
[WhiteElo "2115"]
[BlackElo "2011"]
[PlyCount "73"]
[EventDate "2013.07.20"]
[EventType "tourn (corr)"]
[EventRounds "6"]
[EventCountry "GER"]
[SourceTitle "Corr 2015"]
[Source "ChessBase"]
[SourceDate "2015.07.17"]
[SourceVersion "1"]
[SourceVersionDate "2015.07.17"]
[SourceQuality "1"]

1. d4 Nf6 2. Nf3 d5 3. c4 e6 4. g3 dxc4 5. Bg2 Nc6 6. Qa4 Bb4+ 7. Bd2 Nd5 8. Bxb4 Ndxb4 9. Nc3 Bd7 10. 0-0 a5 11. Qd1 0-0 12. e3 Nd5 13. Nd2 Nb6 14. Qe2 e5 15. d5 Na7 16. Nxc4 Nxc4 17. Qxc4 Nc8 18. Ne4 Nd6 19. Qc3 Nxe4 20. Bxe4 f5 21. Bg2 e4 22. Rfd1 Be8 23. Rac1 Rf7 24. Rd4 b6 25. d6 cxd6 26. f3 Raa7 27. Rc4 d5 28. Rc8 Qd7 29. fxe4 dxe4 30. Bf1 Rf8 31. Qe5 Qe7 32. Bc4+ Kh8 33. Qxe7 Rxe7 34. Rd1 g6 35. b3 Kg7 36. Rdd8 h5 37. h4 1-0

[Event "GER MS-159 email"]
[Site "GER email"]
[Date "2012.04.30"]
[Round "?"]
[White "Mueller, Siegfried"]
[Black "Nyffeler, Hanspeter"]
[Result "0-1"]
[WhiteElo "1851"]
[BlackElo "2030"]
[PlyCount "84"]
[EventDate "2012.05.07"]
[EventType "tourn (corr)"]
[EventRounds "6"]
[EventCountry "GER"]
[SourceTitle "Corr 2015"]
[Source "ChessBase"]
[SourceDate "2015.07.17"]
[SourceVersion "1"]
[SourceVersionDate "2015.07.17"]
[SourceQuality "1"]
[WhiteTeam "Germany"]
[BlackTeam "Germany"]
[WhiteTeamCountry "GER"]
[BlackTeamCountry "GER"]

1. d4 Nf6 2. Nf3 d5 3. c4 e6 4. Nc3 h6 5. e3 c5 6. cxd5 exd5 7. Bb5+ Nc6 8. Ne5 Qc7 9. Qa4 Bd7 10. Nxd7 Qxd7 11. 0-0 cxd4 12. exd4 Be7 13. Bf4 0-0 14. Rac1 Rac8 15. Ne2 Rfe8 16. Be5 Ne4 17. Qxa7 Bh4 18. g3 Nd2 19. Rfd1 Bg5 20. f4 Nf3+ 21. Kf2 Nxh2 22. Bxc6 Rxc6 23. Rxc6 Qxc6 24. Rc1 Qg6 25. Qxb7 Be7 26. Qd7 Ng4+ 27. Kg1 f6 28. Qxd5+ Kh8 29. Qc6 Qh5 30. Qh1 Qf5 31. Qc6 Qh5 32. Qh1 Qg6 33. Qc6 Bb4 34. Ra1 Qh5 35. Qh1 Qf5 36. Rf1 Bd2 37. Qb7 fxe5 38. fxe5 Qh5 39. Qh1 Be3+ 40. Kg2 Qg6 41. Qh4 Bxd4 42. Nxd4 Ne3+ 0-1

[Event "GER MS-152 email"]
[Site "GER email"]
[Date "2012.01.16"]
[Round "?"]
[White "Milde, Lars"]
[Black "Nyffeler, Hanspeter"]
[Result "1-0"]
[WhiteElo "1960"]
[BlackElo "2030"]
[PlyCount "83"]
[EventDate "2012.01.16"]
[EventType "tourn (corr)"]
[EventRounds "6"]
[EventCountry "GER"]
[SourceTitle "Corr 2015"]
[Source "ChessBase"]
[SourceDate "2015.07.17"]
[SourceVersion "1"]
[SourceVersionDate "2015.07.17"]
[SourceQuality "1"]
[WhiteTeam "Germany"]
[BlackTeam "Germany"]
[WhiteTeamCountry "GER"]
[BlackTeamCountry "GER"]

1. e4 e5 2. Nf3 Nc6 3. Bb5 Nf6 4. 0-0 Nxe4 5. d4 exd4 6. Re1 d5 7. Nxd4 Bd6 8. Nxc6 Bxh2+ 9. Kh1 Qh4 10. Rxe4+ dxe4 11. Qd8+ Qxd8 12. Nxd8+ Kxd8 13. Kxh2 c6 14. Bc4 Ke7 15. Nc3 Bf5 16. Bg5+ f6 17. Be3 b6 18. a4 h5 19. a5 b5 20. Bb3 Kd7 21. Kg3 Kc7 22. Kf4 Bh7 23. Nxe4 g5+ 24. Kf3 Rae8 25. Nc5 Bf5 26. Bd4 Rh6 27. c4 Bc8 28. Rc1 Rd8 29. Bc3 b4 30. Bxb4 h4 31. a6 Re8 32. Ne4 g4+ 33. Kf4 h3 34. Ba5+ Kb8 35. Bc3 hxg2 36. Rg1 f5 37. Nc5 Kc7 38. Rxg2 Rh4 39. Ba5+ Kd6 40. Nb7+ Bxb7 41. axb7 Rb8 42. Bb4+ 1-0

[Event "GER MS-152 email"]
[Site "GER email"]
[Date "2012.01.16"]
[Round "?"]
[White "Nyffeler, Hanspeter"]
[Black "Rimpau, Thomas"]
[Result "1-0"]
[WhiteElo "2030"]
[BlackElo "1962"]
[PlyCount "77"]
[EventDate "2012.01.16"]
[EventType "tourn (corr)"]
[EventRounds "6"]
[EventCountry "GER"]
[SourceTitle "Corr 2015"]
[Source "ChessBase"]
[SourceDate "2015.07.17"]
[SourceVersion "1"]
[SourceVersionDate "2015.07.17"]
[SourceQuality "1"]
[WhiteTeam "Germany"]
[BlackTeam "Germany"]
[WhiteTeamCountry "GER"]
[BlackTeamCountry "GER"]

1. e4 e5 2. Nf3 Nc6 3. Nc3 Nf6 4. Bb5 Nd4 5. Nxd4 exd4 6. e5 dxc3 7. exf6 Qxf6 8. dxc3 Qe5+ 9. Qe2 Qxe2+ 10. Bxe2 d5 11. Be3 Bd6 12. 0-0-0 Be6 13. Bf3 0-0-0 14. Bxd5 Bxd5 15. Rxd5 Rd7 16. Rhd1 Rhd8 17. c4 c6 18. R5d3 b6 19. g3 h5 20. Kd2 Be5 21. b4 Kc7 22. Ke2 Rxd3 23. cxd3 Bd6 24. a3 h4 25. d4 b5 26. Kd3 a6 27. c5 Be7 28. Bf4+ Kd7 29. g4 g5 30. Bc1 Ra8 31. Bd2 Rg8 32. h3 Kc8 33. Re1 Bf6 34. Re4 Kd7 35. f4 gxf4 36. Rxf4 Ke6 37. Re4+ Kd7 38. Be3 Bd8 39. Rf4 1-0

[Event "GER MS-152 email"]
[Site "GER email"]
[Date "2012.01.16"]
[Round "?"]
[White "Pawlowski, Willi"]
[Black "Nyffeler, Hanspeter"]
[Result "0-1"]
[WhiteElo "1763"]
[BlackElo "2030"]
[PlyCount "24"]
[EventDate "2012.01.16"]
[EventType "tourn (corr)"]
[EventRounds "6"]
[EventCountry "GER"]
[SourceTitle "Corr 2015"]
[Source "ChessBase"]
[SourceDate "2015.07.17"]
[SourceVersion "1"]
[SourceVersionDate "2015.07.17"]
[SourceQuality "1"]

1. d4 d5 2. c4 e6 3. Nc3 Nf6 4. Bg5 Be7 5. e3 0-0 6. Rc1 h6 7. Bh4 b6 8. cxd5 Nxd5 9. Nxd5 exd5 10. Bxe7 Qxe7 11. Be2 c5 12. Nf3 c4 0-1

[Event "GER Cup18 sf09 serv"]
[Site "GER email"]
[Date "2010.06.06"]
[Round "?"]
[White "Bittner, Axel"]
[Black "Nyffeler, Hanspeter"]
[Result "1/2-1/2"]
[WhiteElo "1919"]
[BlackElo "2032"]
[PlyCount "48"]
[EventDate "2010.06.21"]
[EventType "tourn (corr)"]
[EventRounds "6"]
[EventCountry "GER"]
[SourceTitle "Corr 2013"]
[Source "ChessBase"]
[SourceDate "2012.11.12"]
[SourceVersion "1"]
[SourceVersionDate "2012.11.12"]
[SourceQuality "1"]

1. c4 e5 2. Nc3 Nf6 3. g3 Nc6 4. Bg2 Bc5 5. e3 d6 6. Nge2 0-0 7. 0-0 Bb6 8. d4 Re8 9. h3 h6 10. dxe5 dxe5 11. Nd5 Bf5 12. Nec3 Nxd5 13. cxd5 Ne7 14. Qe2 Qd7 15. Kh2 e4 16. Rd1 c6 17. dxc6 Qxc6 18. Bd2 Rad8 19. Be1 Nd5 20. Rac1 Nxc3 21. Rxc3 Qe6 22. Rxd8 Rxd8 23. Rc4 Bg6 24. a4 Rd3 1/2-1/2

[Event "GER Cup18 sf09 serv"]
[Site "GER email"]
[Date "2010.06.06"]
[Round "?"]
[White "Nyffeler, Hanspeter"]
[Black "Schieweck, Gert"]
[Result "1-0"]
[WhiteElo "2032"]
[BlackElo "1839"]
[PlyCount "59"]
[EventDate "2010.06.21"]
[EventType "tourn (corr)"]
[EventRounds "6"]
[EventCountry "GER"]
[SourceTitle "Corr 2013"]
[Source "ChessBase"]
[SourceDate "2012.11.12"]
[SourceVersion "1"]
[SourceVersionDate "2012.11.12"]
[SourceQuality "1"]

1. d4 Nf6 2. c4 g6 3. Nc3 d5 4. cxd5 Nxd5 5. e4 Nxc3 6. bxc3 Bg7 7. Bc4 0-0 8. Ne2 c5 9. 0-0 cxd4 10. cxd4 Qc7 11. Bb3 Nc6 12. Be3 e6 13. Rc1 Rd8 14. Re1 Qd7 15. Bg5 f6 16. Bf4 Kh8 17. d5 Ne5 18. dxe6 Qe7 19. Nd4 f5 20. Kf1 b6 21. Bd5 Ba6+ 22. Kg1 Bb7 23. Qb3 Nd3 24. Rc7 Bxd5 25. exd5 Qb4 26. Qxb4 Nxb4 27. d6 Nd3 28. e7 Bxd4 29. exd8Q+ Rxd8 30. Bg5 1-0

[Event "GER Cup18 sf09 serv"]
[Site "GER email"]
[Date "2010.06.06"]
[Round "?"]
[White "Reiher"]
[Black "Nyffeler, Hanspeter"]
[Result "1/2-1/2"]
[WhiteElo "2012"]
[BlackElo "2032"]
[PlyCount "52"]
[EventDate "2010.06.21"]
[EventType "tourn (corr)"]
[EventRounds "6"]
[EventCountry "GER"]
[SourceTitle "Corr 2013"]
[Source "ChessBase"]
[SourceDate "2012.11.12"]
[SourceVersion "1"]
[SourceVersionDate "2012.11.12"]
[SourceQuality "1"]

1. e4 c5 2. d4 cxd4 3. Qxd4 Nc6 4. Qe3 Nf6 5. Nf3 d5 6. exd5 Nxd5 7. Qb3 e6 8. Be2 Bb4+ 9. c3 Bc5 10. 0-0 0-0 11. c4 Nde7 12. Nc3 Nf5 13. Ne4 Ncd4 14. Nxd4 Nxd4 15. Qd3 b6 16. Nxc5 bxc5 17. Bf3 Rb8 18. b3 Bb7 19. Bxb7 Rxb7 20. Bb2 Rd7 21. Qe3 Qb6 22. f4 Rfd8 23. Bxd4 cxd4 24. Qd3 a5 25. Rac1 Rc7 26. Rce1 f6 1/2-1/2

[Event "GER-chT8 LH-21 Br4 email"]
[Site "GER email"]
[Date "2009.10.09"]
[Round "?"]
[White "Nogga, Uwe"]
[Black "Nyffeler, Hanspeter"]
[Result "1-0"]
[WhiteElo "2165"]
[BlackElo "2032"]
[PlyCount "127"]
[EventDate "2009.10.15"]
[EventType "tourn (corr)"]
[EventRounds "8"]
[EventCountry "GER"]
[SourceTitle "Corr 2013"]
[Source "ChessBase"]
[SourceDate "2012.11.12"]
[SourceVersion "1"]
[SourceVersionDate "2012.11.12"]
[SourceQuality "1"]

1. e4 c5 2. Nf3 Nc6 3. d4 cxd4 4. Nxd4 Nf6 5. Nc3 d6 6. Bg5 e6 7. Qd2 Be7 8. 0-0-0 0-0 9. f4 h6 10. h4 Nxd4 11. Qxd4 hxg5 12. hxg5 Ng4 13. Be2 e5 14. Qg1 exf4 15. Bxg4 Bxg4 16. Qh2 f5 17. Qh7+ Kf7 18. exf5 Bxg5 19. Ne4 f3+ 20. Kb1 fxg2 21. Qg6+ Kg8 22. Nxg5 Bxf5 23. Qh5 Qxg5 24. Qxg5 gxh1Q 25. Rxh1 Rac8 26. Ka1 Be4 27. Rg1 Rf7 28. c3 Re8 29. b3 d5 30. Kb2 b6 31. Qg3 Kh8 32. Re1 Kg8 33. Re2 Rfe7 34. a4 Rf7 35. Qd6 Rfe7 36. Rh2 Re6 37. Qc7 R6e7 38. Qf4 Re6 39. Ka3 Re5 40. Rh4 R5e7 41. Qf2 Re6 42. a5 Rf6 43. Qh2 Kf7 44. Rg4 Re7 45. Qh8 g6 46. c4 bxa5 47. c5 Rc6 48. Qc3 a6 49. Rf4+ Bf5 50. Rh4 Ke6 51. Rh8 Rec7 52. Qe3+ Be4 53. Qf4 Bf5 54. Rf8 Rc8 55. Rxc8 Rxc8 56. Qd6+ Kf7 57. Qxa6 Be6 58. Qxa5 g5 59. Qa7+ Kf6 60. b4 g4 61. b5 g3 62. c6 Rg8 63. Qg1 g2 64. b6 1-0

[Event "GER-chT8 LH-21 Br4 email"]
[Site "GER email"]
[Date "2009.10.09"]
[Round "?"]
[White "Nyffeler, Hanspeter"]
[Black "Ciemnyjewski, Gregor"]
[Result "1/2-1/2"]
[WhiteElo "2032"]
[BlackElo "1952"]
[PlyCount "76"]
[EventDate "2009.10.15"]
[EventType "tourn (corr)"]
[EventRounds "8"]
[EventCountry "GER"]
[SourceTitle "Corr 2013"]
[Source "ChessBase"]
[SourceDate "2012.11.12"]
[SourceVersion "1"]
[SourceVersionDate "2012.11.12"]
[SourceQuality "1"]

1. d4 Nf6 2. Nf3 e6 3. c4 Bb4+ 4. Bd2 Qe7 5. Nc3 b6 6. e3 Bxc3 7. Bxc3 Ne4 8. Rc1 Bb7 9. Bd3 f5 10. 0-0 0-0 11. Re1 d6 12. Nd2 Nxc3 13. Rxc3 Nd7 14. e4 f4 15. Be2 e5 16. d5 Nf6 17. Qb1 g5 18. b4 a5 19. a3 Rfb8 20. h3 h5 21. Qc2 axb4 22. axb4 g4 23. hxg4 hxg4 24. c5 bxc5 25. bxc5 Bc8 26. cxd6 cxd6 27. g3 fxg3 28. fxg3 Bd7 29. Rf1 Kg7 30. Nc4 Rh8 31. Nb6 Kg6 32. Nxa8 Qh7 33. Kf2 Rxa8 34. Qb1 Qh2+ 35. Ke1 Qg2 36. Re3 Ra4 37. Bd3 Ra2 38. Be2 Ra4 1/2-1/2

[Event "GER-chT8 LH-21 Br4 email"]
[Site "GER email"]
[Date "2009.10.09"]
[Round "?"]
[White "Nyffeler, Hanspeter"]
[Black "Sikorsky, Horst"]
[Result "1/2-1/2"]
[WhiteElo "2032"]
[BlackElo "2186"]
[PlyCount "60"]
[EventDate "2009.10.15"]
[EventType "tourn (corr)"]
[EventRounds "8"]
[EventCountry "GER"]
[SourceTitle "Corr 2013"]
[Source "ChessBase"]
[SourceDate "2012.11.12"]
[SourceVersion "1"]
[SourceVersionDate "2012.11.12"]
[SourceQuality "1"]

1. d4 Nf6 2. c4 e6 3. Nc3 c5 4. d5 d6 5. e4 g6 6. Nf3 Bg7 7. h3 exd5 8. cxd5 0-0 9. Bd3 b5 10. Nxb5 Re8 11. 0-0 Nxe4 12. Re1 a6 13. Na3 Nf6 14. Rxe8+ Nxe8 15. Nc4 Nd7 16. Bd2 Bb7 17. Ba5 Qb8 18. Bf1 Nef6 19. Ne3 Qa7 20. Qb3 Re8 21. Rd1 Ne4 22. Qa4 Nef6 23. Bc7 Bf8 24. Nc4 Re4 25. Ng5 Rf4 26. Qa5 Bxd5 27. Nxd6 Rb4 28. Nb5 Qa8 29. Nc3 Bc6 30. a3 Rd4 1/2-1/2

[Event "GER Seniors Derby 08th"]
[Site "Wesel Undeloh"]
[Date "2009.04.17"]
[Round "3.8"]
[White "Nyffeler, Hanspeter"]
[Black "Kornrumpf, Joachim"]
[Result "0-1"]
[WhiteElo "1637"]
[BlackElo "2019"]
[PlyCount "92"]
[EventDate "2009.04.16"]
[EventType "swiss"]
[EventRounds "7"]
[EventCountry "GER"]
[SourceTitle "EXT 2022"]
[Source "ChessBase"]
[SourceDate "2021.10.06"]
[SourceVersion "1"]
[SourceVersionDate "2021.10.06"]
[SourceQuality "1"]

1. d4 Nf6 2. c4 e6 3. Nf3 b6 4. g3 Bb7 5. Bg2 Bb4+ 6. Bd2 Qe7 7. a3 Bxd2+ 8. Nbxd2 c5 9. 0-0 0-0 10. e3 Na6 11. Rc1 d5 12. cxd5 Bxd5 13. dxc5 Nxc5 14. b4 Ncd7 15. Rc7 Ne8 16. Rc3 a5 17. Qa4 axb4 18. Qxb4 Qxb4 19. axb4 Ra4 20. b5 Nd6 21. Nd4 Bxg2 22. Kxg2 Nc5 23. Rb1 e5 24. Nc6 Ra2 25. Rd1 Nxb5 26. Rxc5 bxc5 27. Ne4 f5 28. Ng5 Raa8 29. Rd7 c4 30. Ne6 Rf7 31. Ne7+ Rxe7 32. Rxe7 Ra7 33. Rxa7 Nxa7 34. Nc5 Kf7 35. Kf3 Ke7 36. Na4 Nb5 37. Ke2 Kd6 38. Kd2 e4 39. Kc2 Kc6 40. Kb2 Kd6 41. Kc2 Kc6 42. h4 Nc7 43. Kc3 Kb5 44. Nb2 Nd5+ 45. Kd4 c3 46. Nc4 Kb4 0-1

[Event "GER Seniors Derby 08th"]
[Site "Wesel Undeloh"]
[Date "2009.04.16"]
[Round "2.21"]
[White "Nyffeler, Hanspeter"]
[Black "Mack, Friedemann"]
[Result "1-0"]
[WhiteElo "1637"]
[BlackElo "1300"]
[PlyCount "65"]
[EventDate "2009.04.16"]
[EventType "swiss"]
[EventRounds "7"]
[EventCountry "GER"]
[SourceTitle "EXT 2022"]
[Source "ChessBase"]
[SourceDate "2021.10.06"]
[SourceVersion "1"]
[SourceVersionDate "2021.10.06"]
[SourceQuality "1"]

1. d4 d5 2. Nf3 Nc6 3. e3 Nf6 4. c4 b6 5. Nc3 e6 6. Bd2 a6 7. cxd5 Nxd5 8. Rc1 Bb7 9. Be2 Bd6 10. 0-0 0-0 11. a3 Nce7 12. Ne4 Ng6 13. Nxd6 cxd6 14. Ne1 b5 15. Nd3 Qd7 16. Re1 Rac8 17. Rxc8 Rxc8 18. Nb4 Nf6 19. Bf3 Ne4 20. Bxe4 Bxe4 21. Nxa6 Qb7 22. f3 Bxf3 23. Qxf3 Qxf3 24. gxf3 Nh4 25. Kf2 Rc2 26. Re2 Rxb2 27. Bb4 Rxe2+ 28. Kxe2 d5 29. Nc7 g5 30. Nxb5 Ng6 31. a4 f5 32. a5 Nf8 33. Bxf8 1-0

[Event "GER-ch52 V9 email"]
[Site "GER email"]
[Date "2009.03.30"]
[Round "?"]
[White "Dorer, Manfred"]
[Black "Nyffeler, Hanspeter"]
[Result "1/2-1/2"]
[WhiteElo "2168"]
[BlackElo "2027"]
[PlyCount "50"]
[EventDate "2009.04.06"]
[EventType "tourn (corr)"]
[EventRounds "6"]
[EventCountry "GER"]
[SourceTitle "Corr 2011"]
[Source "ChessBase"]
[SourceDate "2010.08.31"]
[SourceVersion "1"]
[SourceVersionDate "2010.08.31"]
[SourceQuality "1"]

1. e4 c5 2. Nf3 Nc6 3. d4 cxd4 4. Nxd4 Nf6 5. Nc3 d6 6. Bg5 e6 7. Qd2 a6 8. 0-0-0 h6 9. Be3 Be7 10. f4 Bd7 11. Kb1 b5 12. Bd3 0-0 13. h3 Nxd4 14. Bxd4 Bc6 15. e5 dxe5 16. fxe5 Nd5 17. Nxd5 Qxd5 18. Rhg1 Bc5 19. Bxc5 Qxc5 20. Qf4 Bd5 21. g4 f6 22. exf6 Rxf6 23. Qc1 Rf3 24. h4 Raf8 25. h5 Qe3 1/2-1/2

[Event "GER-ch52 V9 email"]
[Site "GER email"]
[Date "2009.03.30"]
[Round "?"]
[White "Kraft, Dieter"]
[Black "Nyffeler, Hanspeter"]
[Result "1-0"]
[WhiteElo "2154"]
[BlackElo "2027"]
[PlyCount "69"]
[EventDate "2009.04.06"]
[EventType "tourn (corr)"]
[EventRounds "6"]
[EventCountry "GER"]
[SourceTitle "Corr 2011"]
[Source "ChessBase"]
[SourceDate "2010.08.31"]
[SourceVersion "1"]
[SourceVersionDate "2010.08.31"]
[SourceQuality "1"]

1. e4 c5 2. Nf3 Nc6 3. d4 cxd4 4. Nxd4 Nf6 5. Nc3 d6 6. Bg5 e6 7. Qd3 a6 8. Nxc6 bxc6 9. 0-0-0 Bd7 10. e5 dxe5 11. Ne4 Be7 12. Nxf6+ Bxf6 13. Bxf6 gxf6 14. Be2 Qc7 15. Rd2 Ke7 16. Rhd1 Rad8 17. Qxa6 Bc8 18. Qa3+ c5 19. Bb5 Rxd2 20. Rxd2 Rd8 21. Rxd8 Kxd8 22. Qe3 Bb7 23. g3 Ke7 24. a4 f5 25. Qg5+ Kf8 26. b3 Bd5 27. Qh6+ Kg8 28. Qd2 f4 29. a5 Qb8 30. c4 Bf3 31. a6 Qc7 32. Kb2 h5 33. Ka3 h4 34. gxf4 e4 35. b4 1-0

[Event "GER-ch52 V9 email"]
[Site "GER email"]
[Date "2009.03.30"]
[Round "?"]
[White "Nyffeler, Hanspeter"]
[Black "Raessler, Arndt"]
[Result "1-0"]
[WhiteElo "2027"]
[BlackElo "2113"]
[PlyCount "53"]
[EventDate "2009.04.06"]
[EventType "tourn (corr)"]
[EventRounds "6"]
[EventCountry "GER"]
[SourceTitle "Corr 2011"]
[Source "ChessBase"]
[SourceDate "2010.08.31"]
[SourceVersion "1"]
[SourceVersionDate "2010.08.31"]
[SourceQuality "1"]

1. d4 Nf6 2. c4 e6 3. Nf3 d5 4. Nc3 c6 5. e3 Nbd7 6. Bd3 dxc4 7. Bxc4 b5 8. Bd3 Bb7 9. 0-0 a6 10. e4 c5 11. d5 Qc7 12. dxe6 fxe6 13. Bc2 Bd6 14. Ng5 Nf8 15. f4 0-0-0 16. Qe2 h6 17. Nf3 Bxf4 18. Bxf4 Qxf4 19. g3 Qg4 20. a4 b4 21. Nd1 Qh5 22. Bd3 Kc7 23. Nf2 N8d7 24. Rad1 Rhf8 25. Bxa6 Bxa6 26. Qxa6 Qxf3 27. Rd3 1-0